000 00585nam a2200241 a 4500
001 nice12345678
003 IN_TiNIC
005 20260116013443.0
008 050524s1985 laha grp 000 0 eng
020 _a
_c400
082 0 0 _a725.2
_bABD
100 _aAbdul Waahid, Miyan
245 _aAks-E-Bihisht
260 _aLahore
_bIdara-E-Tuloo-E-Islam
_c1985
300 _a00p
500 _aincludes index and biblioraphy
505 2 _a58 Photographs
650 _aArchitecture-Islamic
700 1 _aAbdul Waahid, Miyan
902 _bRHR
942 _cBK
999 _c11051
_d11051